[Event "38th North Shore Open-A"]
[Site "North Shore"]
[Date "2012.09.22"]
[Round "2.13"]
[White "Hair, Philip I"]
[Black "Budd, Michael"]
[Result "1-0"]
[WhiteElo "1895"]
[BlackElo "1794"]
[PlyCount "67"]
[EventDate "2012.09.23"]
[EventType "swiss"]
[EventRounds "5"]
[EventCountry "NZL"]
[SourceDate "2012.09.22"]

1. e4 e5 2. Nc3 Nf6 3. g3 d6 4. Bg2 Be7 5. Nge2 O-O 6. O-O c6 7. d4 Nbd7 8. h3
Nb6 9. b3 Qc7 10. a4 Rd8 11. a5 Nbd7 12. Be3 Nf8 13. d5 c5 14. Nb5 Qb8 15. c4
a6 16. Nbc3 Bd7 17. Qc2 Qc8 18. Kh2 Ng6 19. Qc1 h5 20. f3 h4 21. g4 Nh7 22. Qd2
Rf8 23. Kg1 Qd8 24. Nc1 Bf6 25. Nd3 Ne7 26. g5 Bxg5 27. Bxg5 Nxg5 28. Qxg5 Ng6
29. Qxd8 Raxd8 30. Na4 Bxa4 31. Rxa4 Rb8 32. b4 b5 33. axb6 Rxb6 34. bxc5 1-0

[Event "38th North Shore Open-A"]
[Site "North Shore"]
[Date "2012.09.22"]
[Round "2.14"]
[White "Zhang, Leo"]
[Black "Seabrook, Roy"]
[Result "0-1"]
[WhiteElo "1771"]
[BlackElo "1885"]
[PlyCount "122"]
[EventDate "2012.09.23"]
[EventType "swiss"]
[EventRounds "5"]
[EventCountry "NZL"]
[SourceDate "2012.09.22"]

1. d4 Nf6 2. c4 c5 3. d5 e5 4. f3 d6 5. e4 Nxe4 6. Ne2 Qa5+ 7. Nbc3 Nxc3 8.
Nxc3 Be7 9. Bd2 Qb6 10. Qc2 O-O 11. Bd3 f5 12. O-O Na6 13. a3 Bd7 14. Rab1 Qd8
15. Be3 Bg5 16. Qd2 Bxe3+ 17. Qxe3 Qf6 18. Qd2 Rae8 19. Rbe1 Nc7 20. h3 Qh4 21.
Qf2 Qh5 22. Qd2 Rf6 23. b4 Na6 24. b5 Nc7 25. Kh1 Rg6 26. Qf2 Rf8 27. Qe2 Ne8
28. a4 Nf6 29. a5 Rh6 30. Kg1 Qg5 31. Kh1 Nh5 32. Qe3 Ng3+ 33. Kg1 Qxe3+ 34.
Rxe3 Nxf1 35. Kxf1 e4 36. Be2 exf3 37. Bxf3 Rh4 38. Be2 Kf7 39. Ke1 Rd4 40. Bd3
Kf6 41. Kd2 Re8 42. Ne2 Rh4 43. Rxe8 Bxe8 44. Ke3 g5 45. Kf3 a6 46. b6 Ba4 47.
Nc1 Bd1+ 48. Kg3 Rd4 49. Kf2 Bb3 50. Nxb3 Rxd3 51. Nc1 Ra3 52. Ke2 Rxa5 53. Kd3
Ra1 54. Kc2 h5 55. Kb2 Rxc1 56. Kxc1 Ke5 57. Kd2 Kd4 58. Ke2 Kxc4 59. Kf3 Kxd5
60. g4 fxg4+ 61. hxg4 h4 0-1

[Event "38th North Shore Open-A"]
[Site "North Shore"]
[Date "2012.09.22"]
[Round "3.1"]
[White "Koop, Thorben"]
[Black "Hague, Ben"]
[Result "1-0"]
[WhiteElo "2127"]
[BlackElo "2436"]
[PlyCount "47"]
[EventDate "2012.09.23"]
[EventType "swiss"]
[EventRounds "5"]
[EventCountry "NZL"]
[SourceDate "2012.09.22"]

1. Nf3 b6 2. g3 Bb7 3. Bg2 e6 4. O-O c5 5. c4 f5 6. d4 cxd4 7. Qxd4 Nc6 8. Qd3
Nf6 9. Nc3 Be7 10. Rd1 O-O 11. Bg5 Rf7 12. Nb5 d5 13. Nbd4 Nxd4 14. Nxd4 Qd7
15. cxd5 Nxd5 16. Bxe7 Rxe7 17. e4 fxe4 18. Bxe4 Nf6 19. Bxb7 Qxb7 20. Qb3 Rae8
21. Nf5 Ne4 22. Nxe7+ Qxe7 23. Qe3 Nd6 24. Qa3 1-0

[Event "38th North Shore Open-A"]
[Site "North Shore"]
[Date "2012.09.22"]
[Round "3.2"]
[White "Lim, Benjamin U"]
[Black "Pinic, Noel"]
[Result "1-0"]
[WhiteElo "2056"]
[BlackElo "2251"]
[PlyCount "29"]
[EventDate "2012.09.23"]
[EventType "swiss"]
[EventRounds "5"]
[EventCountry "NZL"]
[SourceDate "2012.09.22"]

1. d4 Nf6 2. c4 e5 3. dxe5 Ng4 4. e4 Nxe5 5. f4 Ng6 6. Be3 Bb4+ 7. Nd2 O-O 8.
Ngf3 Re8 9. Bd3 f5 10. O-O fxe4 11. Nxe4 d5 12. cxd5 Bf5 13. Nfg5 Bxe4 14. Bxe4
Nd7 15. d6 1-0

[Event "38th North Shore Open-A"]
[Site "North Shore"]
[Date "2012.09.22"]
[Round "3.3"]
[White "Li, Zuhao Luke"]
[Black "Yang, Scott"]
[Result "1-0"]
[WhiteElo "2333"]
[BlackElo "2103"]
[PlyCount "145"]
[EventDate "2012.09.23"]
[EventType "swiss"]
[EventRounds "5"]
[EventCountry "NZL"]
[SourceDate "2012.09.22"]

1. d4 d5 2. c4 e6 3. Nc3 Nf6 4. Bg5 Nbd7 5. e3 c6 6. Bd3 Qa5 7. Bh4 Bb4 8. Nge2
O-O 9. O-O Bd6 10. cxd5 exd5 11. Ng3 Bxg3 12. Bxg3 Re8 13. Qc2 Nf8 14. Rab1 a6
15. b4 Qd8 16. a4 Nh5 17. b5 Nxg3 18. hxg3 cxb5 19. axb5 Be6 20. Na4 a5 21. b6
Qe7 22. Qc5 Qf6 23. Qc7 Re7 24. Qf4 Qxf4 25. gxf4 Bd7 26. Nc5 Bc6 27. Bb5 Rc8
28. Bxc6 Rxc6 29. Rb5 Nd7 30. Nxb7 Rxb6 31. Rfb1 Ree6 32. Nc5 Rxb5 33. Rxb5 Rb6
34. Rxa5 Nf8 35. Nd3 Rb3 36. Ne5 f6 37. Nc6 Rb1+ 38. Kh2 Rb2 39. Kg3 Rb6 40.
Ne7+ Kf7 41. Nxd5 Rb7 42. Rc5 Ne6 43. Rc8 Rb3 44. Rc3 Rb7 45. f5 Ng5 46. Rc7+
Rxc7 47. Nxc7 Ne4+ 48. Kf3 Nd2+ 49. Ke2 Ne4 50. g4 h5 51. gxh5 Nd6 52. Kd3 Nxf5
53. e4 Nd6 54. Nd5 Ke6 55. Nf4+ Kf7 56. e5 fxe5 57. dxe5 Nf5 58. Ke4 Ne7 59.
e6+ Kf6 60. Nd5+ Kxe6 61. Nxe7 Kxe7 62. Kf5 Kf7 63. Kg5 Kf8 64. Kg6 Kg8 65. h6
gxh6 66. Kxh6 Kf7 67. Kg5 Kg7 68. Kf5 Kg8 69. Kf6 Kf8 70. f3 Ke8 71. f4 Kf8 72.
f5 Kg8 73. Ke7 1-0

[Event "38th North Shore Open-A"]
[Site "North Shore"]
[Date "2012.09.22"]
[Round "3.4"]
[White "Steadman, Michael VR"]
[Black "Timergazi, Layla"]
[Result "1-0"]
[WhiteElo "2314"]
[BlackElo "1755"]
[PlyCount "35"]
[EventDate "2012.09.23"]
[EventType "swiss"]
[EventRounds "5"]
[EventCountry "NZL"]
[SourceDate "2012.09.22"]

1. d4 d5 2. c4 c6 3. Nf3 Nf6 4. e3 e6 5. Nbd2 Be7 6. b3 Nbd7 7. Bb2 O-O 8. Bd3
c5 9. O-O b6 10. Ne5 Qc7 11. f4 Bb7 12. cxd5 Nxd5 13. Qe2 Nb4 14. Bb1 a5 15. a3
Ba6 16. Ndc4 b5 17. Nxd7 Qxd7 18. Ne5 1-0

[Event "38th North Shore Open-A"]
[Site "North Shore"]
[Date "2012.09.22"]
[Round "3.5"]
[White "Dordevic, Ivan"]
[Black "Gao, Hans"]
[Result "0-1"]
[WhiteElo "2149"]
[BlackElo "2189"]
[PlyCount "76"]
[EventDate "2012.09.23"]
[EventType "swiss"]
[EventRounds "5"]
[EventCountry "NZL"]
[SourceDate "2012.09.22"]

1. e4 c5 2. Nf3 d6 3. d4 cxd4 4. Nxd4 Nf6 5. Nc3 g6 6. f3 a6 7. Bc4 b5 8. Bb3
Bb7 9. Be3 Nbd7 10. Qd2 Nc5 11. O-O-O Rc8 12. Kb1 Nfd7 13. Nd5 Nb6 14. Nxb6
Qxb6 15. e5 d5 16. Rhe1 e6 17. c3 a5 18. Bc2 Ba6 19. Nb3 Qc7 20. Qf2 Na4 21.
Bd4 b4 22. Nc1 Bb5 23. Bxa4 Bxa4 24. Nb3 Bh6 25. f4 bxc3 26. Bxc3 Bxb3 27. axb3
Qb7 28. Rd3 Qxb3 29. Rh3 Qb5 30. Qd2 Bg7 31. Bxa5 O-O 32. Bc3 Rc4 33. g4 Qa4
34. f5 d4 35. Ba5 Ra8 36. Ra3 Qb5 37. b4 Rxa5 38. Rxa5 Rxb4+ 0-1

[Event "38th North Shore Open-A"]
[Site "North Shore"]
[Date "2012.09.22"]
[Round "3.6"]
[White "Krstev, Antonio"]
[Black "McLaren, Leonard J"]
[Result "0-1"]
[WhiteElo "2175"]
[BlackElo "2318"]
[PlyCount "102"]
[EventDate "2012.09.23"]
[EventType "swiss"]
[EventRounds "5"]
[EventCountry "NZL"]
[SourceDate "2012.09.22"]

1. d4 Nf6 2. c4 e6 3. Nc3 Bb4 4. f3 Nc6 5. a3 Bxc3+ 6. bxc3 b6 7. e4 Ba6 8. Bd3
Na5 9. Qe2 d6 10. Bg5 h6 11. Bh4 Qd7 12. a4 g5 13. Bf2 O-O-O 14. Nh3 c5 15. O-O
e5 16. Be3 Rdg8 17. Nf2 Nh5 18. Ng4 Qe7 19. g3 Ng7 20. Bf2 Qe6 21. Rfb1 Bxc4
22. d5 Bxd3 23. Qxd3 Qe7 24. c4 h5 25. Ne3 Qc7 26. Be1 Kd7 27. Ra2 Rb8 28. Bc3
f6 29. Rf2 h4 30. Ng4 Ke7 31. f4 hxg3 32. hxg3 gxf4 33. gxf4 Nh5 34. fxe5 fxe5
35. Rbf1 Rbf8 36. Bxe5 Rxf2 37. Rxf2 dxe5 38. d6+ Qxd6 39. Rf7+ Ke6 40. Qf3
Qd4+ 41. Ne3 Rg8+ 42. Kh1 Qa1+ 43. Nd1 Nf4 44. Rh7 Nc6 45. Rh6+ Kd7 46. a5 Nd4
47. Rh7+ Kc8 48. Qf1 Nde2 49. Qe1 Rg1+ 50. Qxg1 Nxg1 51. axb6 axb6 0-1

[Event "38th North Shore Open-A"]
[Site "North Shore"]
[Date "2012.09.22"]
[Round "3.7"]
[White "Duneas, John"]
[Black "Seabrook, Roy"]
[Result "0-1"]
[WhiteElo "2226"]
[BlackElo "1885"]
[PlyCount "124"]
[EventDate "2012.09.23"]
[EventType "swiss"]
[EventRounds "5"]
[EventCountry "NZL"]
[SourceDate "2012.09.22"]

1. d4 Nf6 2. c4 g6 3. Nc3 Bg7 4. e4 O-O 5. Be2 d6 6. Nf3 e5 7. O-O Nc6 8. d5
Ne7 9. Ne1 Nd7 10. Be3 f5 11. f3 f4 12. Bf2 g5 13. Nd3 Ng6 14. c5 Nf6 15. Qc2
h5 16. Rfc1 g4 17. cxd6 cxd6 18. Nb5 g3 19. hxg3 fxg3 20. Bxg3 Qb6+ 21. Nf2 h4
22. Bh2 Ng4 23. Bf1 Bh6 24. Re1 Be3 25. Rxe3 Nxe3 26. Qc7 Nxf1 27. Qxb6 axb6
28. Kxf1 Rd8 29. Nd3 Ra5 30. Na3 Bd7 31. Bg1 Ra6 32. Nb4 Ra4 33. Bxb6 Rc8 34.
Nd3 Nf4 35. Nxf4 exf4 36. Bf2 h3 37. gxh3 Bxh3+ 38. Ke2 b5 39. Rg1+ Kf7 40. Kd3
Bd7 41. Bd4 b4 42. Rg7+ Ke8 43. Rg8+ Ke7 44. Rxc8 Bxc8 45. Nc2 Ba6+ 46. Kd2 Bc4
47. b3 Rxa2 48. Kc1 Bxb3 49. Nxb4 Rh2 50. e5 Rh3 51. Nc6+ Kd7 52. e6+ Ke8 53.
Nb4 Rxf3 54. Bf6 Bc4 55. Kd2 Rb3 56. Nc6 Rd3+ 57. Ke2 Rxd5+ 58. Kf3 Rf5 59. Bb2
Bd5+ 60. Kg4 f3 61. Nd4 f2 62. Nxf5 Bxe6 0-1

[Event "38th North Shore Open-A"]
[Site "North Shore"]
[Date "2012.09.22"]
[Round "3.8"]
[White "Zhang, William Jiewen"]
[Black "Johns, Daniel P"]
[Result "1/2-1/2"]
[WhiteElo "1864"]
[BlackElo "1935"]
[PlyCount "69"]
[EventDate "2012.09.23"]
[EventType "swiss"]
[EventRounds "5"]
[EventCountry "NZL"]
[SourceDate "2012.09.22"]

1. d4 Nf6 2. c4 e6 3. Nc3 Bb4 4. e3 O-O 5. Bd3 d6 6. Nge2 c5 7. O-O Nc6 8. a3
Bxc3 9. bxc3 b6 10. e4 e5 11. d5 Na5 12. Bg5 Ba6 13. Qa4 Qe8 14. Qxe8 Rfxe8 15.
Bxf6 gxf6 16. Ng3 Bxc4 17. Bxc4 Nxc4 18. Nh5 Re7 19. Nxf6+ Kg7 20. Nh5+ Kg6 21.
Ng3 Rd7 22. Rfe1 Rg8 23. Kf1 Kf6 24. f3 Rg5 25. Nf5 Rd8 26. Ne3 Nxe3+ 27. Rxe3
Rdg8 28. Re2 Ke7 29. c4 f5 30. Raa2 f4 31. a4 Rb8 32. Reb2 Rgg8 33. Rb3 Kd7 34.
Rab2 Kc7 35. Kf2 1/2-1/2

[Event "38th North Shore Open-A"]
[Site "North Shore"]
[Date "2012.09.22"]
[Round "3.9"]
[White "Li, William Xiangwei"]
[Black "Wells, Clinton A"]
[Result "1-0"]
[WhiteElo "1901"]
[BlackElo "1906"]
[PlyCount "79"]
[EventDate "2012.09.23"]
[EventType "swiss"]
[EventRounds "5"]
[EventCountry "NZL"]
[SourceDate "2012.09.22"]

1. e4 e6 2. d4 d5 3. exd5 exd5 4. c4 Nf6 5. Nc3 Nc6 6. Nf3 Be7 7. Bd3 O-O 8. h3
Re8 9. O-O Nb4 10. Be2 h6 11. a3 Nc6 12. Bf4 Be6 13. cxd5 Nxd5 14. Bh2 a6 15.
Qc2 Bd6 16. Bxd6 Nxc3 17. bxc3 Qxd6 18. Rfd1 Bd5 19. Qd2 Na5 20. Qb2 Rab8 21.
Ne5 b5 22. Re1 c5 23. Bf3 cxd4 24. cxd4 Bxf3 25. Nxf3 Nc4 26. Qb4 Rxe1+ 27.
Rxe1 Rd8 28. Ra1 Kf8 29. Kf1 a5 30. Qxb5 Nxa3 31. Qxa5 Nc2 32. Rd1 Re8 33. Qc3
Qa6+ 34. Kg1 Re2 35. d5 Qb6 36. Qc8+ Ke7 37. d6+ Kf6 38. Qc3+ Ke6 39. Qc4+ Kf6
40. Qxe2 1-0

[Event "38th North Shore Open-A"]
[Site "North Shore"]
[Date "2012.09.22"]
[Round "3.10"]
[White "Ang, Alphaeus Wei Ern"]
[Black "Lyall, Simon"]
[Result "1-0"]
[WhiteElo "1814"]
[BlackElo "1880"]
[PlyCount "113"]
[EventDate "2012.09.23"]
[EventType "swiss"]
[EventRounds "5"]
[EventCountry "NZL"]
[SourceDate "2012.09.22"]

1. d4 d5 2. Nc3 Nf6 3. Bf4 e6 4. a3 Be7 5. e3 O-O 6. Bd3 c5 7. Nf3 c4 8. Be2
Qb6 9. Rb1 Nbd7 10. O-O a6 11. Ne1 Qa5 12. Qd2 b5 13. Nf3 b4 14. axb4 Bxb4 15.
Ra1 Qb6 16. Qc1 Bxc3 17. bxc3 Ne4 18. Qa3 Ra7 19. Rfd1 Rb7 20. Ne1 Qb2 21. Qxb2
Rxb2 22. Ra3 f5 23. f3 g5 24. Bc7 Nef6 25. Bd6 Rf7 26. Bb4 h5 27. Kf2 g4 28.
Bf1 Nh7 29. Ke2 h4 30. Kd2 gxf3 31. Nxf3 Ndf6 32. Kc1 Rxb4 33. cxb4 Ne4 34.
Nxh4 Nhf6 35. Nf3 Ng4 36. Ne5 Nxe5 37. dxe5 Kg7 38. Be2 f4 39. exf4 Rxf4 40.
Rf1 Rh4 41. Rh3 Rxh3 42. gxh3 Nc3 43. Bh5 Na2+ 44. Kb2 Nxb4 45. Be8 d4 46. Rf7+
Kh6 47. Rc7 d3 48. Rxc8 d2 49. Bh5 Kxh5 50. Rh8+ Kg6 51. Rg8+ Kf5 52. Rg1 Ke4
53. Kc3 Ke3 54. Kxb4 Ke2 55. Kxc4 d1=Q 56. Rxd1 Kxd1 57. Kb3 1-0

[Event "38th North Shore Open-A"]
[Site "North Shore"]
[Date "2012.09.22"]
[Round "3.12"]
[White "Budd, Michael"]
[Black "Wright, Caleb"]
[Result "0-1"]
[WhiteElo "1794"]
[BlackElo "1979"]
[PlyCount "72"]
[EventDate "2012.09.23"]
[EventType "swiss"]
[EventRounds "5"]
[EventCountry "NZL"]
[SourceDate "2012.09.22"]

1. d4 e6 2. Nf3 f5 3. g3 Nf6 4. Bg2 c6 5. O-O Be7 6. c4 d5 7. c5 b6 8. b4 a5 9.
a3 axb4 10. Qc2 O-O 11. Bb2 bxa3 12. Rxa3 Rxa3 13. Bxa3 b5 14. Nbd2 Qc7 15. Ra1
Ne4 16. Nxe4 fxe4 17. Ne5 Nd7 18. Nxd7 Bxd7 19. Bc1 e5 20. dxe5 Qxe5 21. Bb2
Qb8 22. e3 h5 23. h4 Qb7 24. Ra2 b4 25. Bd4 Bg4 26. Qb2 Bf6 27. Bxf6 Rxf6 28.
Ra4 b3 29. Rd4 Rf8 30. Rd2 Qb4 31. Qd4 Qxd4 32. exd4 Rb8 33. Rb2 Rb4 34. Bf1
Rxd4 35. Be2 Bxe2 36. Rxe2 Rd3 0-1

[Event "38th North Shore Open-A"]
[Site "North Shore"]
[Date "2012.09.23"]
[Round "4.1"]
[White "Koop, Thorben"]
[Black "Lim, Benjamin U"]
[Result "1-0"]
[WhiteElo "2127"]
[BlackElo "2056"]
[PlyCount "69"]
[EventDate "2012.09.23"]
[EventType "swiss"]
[EventRounds "5"]
[EventCountry "NZL"]
[SourceDate "2012.09.22"]

1. Nf3 Nf6 2. g3 g6 3. Bg2 c5 4. O-O Bg7 5. c4 Nc6 6. d4 cxd4 7. Nxd4 O-O 8.
Nc3 Ng4 9. e3 Nge5 10. b3 d6 11. h3 Qa5 12. Bd2 Qd8 13. Nd5 Rb8 14. a4 e6 15.
Nb4 Nxd4 16. exd4 a5 17. dxe5 axb4 18. Bxb4 Bxe5 19. Ra2 Qb6 20. Qd2 Bxg3 21.
c5 dxc5 22. Ba5 Qxb3 23. fxg3 Qxg3 24. Rf3 Qh4 25. Bc7 Ra8 26. Be5 Rxa4 27.
Rxa4 Qxa4 28. Qh6 f6 29. Bxf6 Qd7 30. Bf1 b5 31. Bxb5 Qb7 32. Bd3 c4 33. Bxg6
Qa7+ 34. Kh2 Qc7+ 35. Rg3 1-0

[Event "38th North Shore Open-A"]
[Site "North Shore"]
[Date "2012.09.23"]
[Round "4.2"]
[White "Gao, Hans"]
[Black "Steadman, Michael VR"]
[Result "0-1"]
[WhiteElo "2189"]
[BlackElo "2314"]
[PlyCount "132"]
[EventDate "2012.09.23"]
[EventType "swiss"]
[EventRounds "5"]
[EventCountry "NZL"]
[SourceDate "2012.09.22"]

1. e4 e6 2. d4 d5 3. exd5 exd5 4. c4 Bb4+ 5. Nc3 Ne7 6. Nf3 Nbc6 7. Be3 O-O 8.
Bd3 dxc4 9. Bxc4 Bg4 10. O-O Qd7 11. h3 Bh5 12. a3 Bxc3 13. bxc3 Nd5 14. Bd2
Na5 15. Be2 Nb6 16. Rb1 Bxf3 17. Bxf3 c6 18. Re1 Rfe8 19. Be4 Nac4 20. a4 Nxa4
21. Bxh7+ Kxh7 22. Qxa4 b5 23. Qd1 Rxe1+ 24. Bxe1 Qf5 25. Ra1 a5 26. Bd2 Qd3
27. Be1 Qxd1 28. Rxd1 Re8 29. Kf1 Kg6 30. Rb1 Kf5 31. d5 cxd5 32. Rxb5 Ke6 33.
f3 Kd6 34. Rb7 Ke6 35. Bf2 Ra8 36. Ke2 a4 37. Bc5 Ra5 38. Bf8 g6 39. h4 Ra8 40.
Bc5 a3 41. Rb1 Kd7 42. Kd3 Kc6 43. Bb4 Re8 44. Ra1 Re3+ 45. Kc2 Re2+ 46. Kb3
Rb2+ 47. Ka4 Rxg2 48. Bxa3 Nxa3 49. Rxa3 Rf2 50. Kb3 Rxf3 51. Ra4 Kd6 52. Rd4
Ke5 53. Rg4 Rf4 54. Rg5+ f5 55. h5 gxh5 56. Rxh5 Rf3 57. Kc2 Ke4 58. Rh2 Ke3
59. Rd2 Rf2 60. Rxf2 Kxf2 61. Kd3 f4 62. Kd4 Ke2 63. Kxd5 f3 64. c4 f2 65. c5
f1=Q 66. Kd6 Qf8+ 0-1

[Event "38th North Shore Open-A"]
[Site "North Shore"]
[Date "2012.09.23"]
[Round "4.3"]
[White "Hague, Ben"]
[Black "Li, Zuhao Luke"]
[Result "1/2-1/2"]
[WhiteElo "2436"]
[BlackElo "2333"]
[PlyCount "48"]
[EventDate "2012.09.23"]
[EventType "swiss"]
[EventRounds "5"]
[EventCountry "NZL"]
[SourceDate "2012.09.22"]

1. e4 e5 2. Nf3 Nc6 3. Bb5 a6 4. Ba4 Nf6 5. Qe2 Be7 6. O-O b5 7. Bb3 O-O 8. c3
d5 9. exd5 Nxd5 10. Nxe5 Nxe5 11. Qxe5 Nf6 12. d4 Bd6 13. Qg5 Re8 14. a4 Rb8
15. f3 c5 16. Qh4 Bf5 17. dxc5 Bxc5+ 18. Kh1 Qd3 19. Rd1 Qe2 20. Bd2 bxa4 21.
Re1 Bf2 22. Rxe2 Bxh4 23. Rxe8+ Nxe8 24. Bxa4 Rxb2 1/2-1/2

[Event "38th North Shore Open-A"]
[Site "North Shore"]
[Date "2012.09.23"]
[Round "4.4"]
[White "McLaren, Leonard J"]
[Black "Yang, Scott"]
[Result "1-0"]
[WhiteElo "2318"]
[BlackElo "2103"]
[PlyCount "117"]
[EventDate "2012.09.23"]
[EventType "swiss"]
[EventRounds "5"]
[EventCountry "NZL"]
[SourceDate "2012.09.22"]

1. e4 e5 2. Nf3 Nf6 3. Nc3 Nc6 4. Bb5 Bc5 5. Bxc6 dxc6 6. d3 Qe7 7. Bg5 Bg4 8.
h3 Bh5 9. g4 Bg6 10. Qe2 h6 11. Bd2 Nd7 12. O-O-O O-O-O 13. h4 f6 14. h5 Bh7
15. Nh4 Nf8 16. Nf5 Qd7 17. f4 Ne6 18. fxe5 fxe5 19. Qh2 Bd6 20. Ne2 Rde8 21.
Bc3 Ng5 22. Rhf1 Rhf8 23. Kb1 Rf7 24. Ng1 Qe6 25. Nf3 Nxf3 26. Rxf3 Ref8 27.
Rdf1 Bg8 28. b3 Kb8 29. Qg3 Qe8 30. Nh4 Bh7 31. Rxf7 Rxf7 32. Rxf7 Qxf7 33.
Bxe5 Qf1+ 34. Kb2 Qf6 35. Nf3 Bxe5+ 36. Qxe5 Kc8 37. Qxf6 gxf6 38. Kc3 Kd7 39.
Kd4 Kd6 40. Ke3 c5 41. Kf4 b5 42. Nh4 Ke6 43. Nf3 a5 44. d4 Kd6 45. e5+ fxe5+
46. dxe5+ Kd5 47. c3 Bb1 48. a3 Bc2 49. Nd2 b4 50. c4+ Ke6 51. a4 Kf7 52. g5
hxg5+ 53. Kxg5 Ke6 54. Kf4 c6 55. Ne4 Kf7 56. Nxc5 Kg7 57. Kg5 Kf7 58. h6 Ke7
59. Nb7 1-0

[Event "38th North Shore Open-A"]
[Site "North Shore"]
[Date "2012.09.23"]
[Round "4.5"]
[White "Seabrook, Roy"]
[Black "Pinic, Noel"]
[Result "0-1"]
[WhiteElo "1885"]
[BlackElo "2251"]
[PlyCount "84"]
[EventDate "2012.09.23"]
[EventType "swiss"]
[EventRounds "5"]
[EventCountry "NZL"]
[SourceDate "2012.09.22"]

1. f4 e5 2. Nf3 e4 3. Nd4 Bc5 4. Nb3 Bb6 5. e3 Nf6 6. d3 O-O 7. Be2 Qe7 8. d4
d5 9. c4 dxc4 10. Bxc4 a5 11. O-O Bg4 12. Qe1 a4 13. N3d2 c5 14. d5 Ba5 15. h3
Bd7 16. a3 b5 17. Ba2 c4 18. Nc3 Bxc3 19. bxc3 Nxd5 20. Bb2 f5 21. Rd1 Qc5 22.
Kf2 Nxf4 23. Nxe4 fxe4 24. Kg1 Nd3 25. Rxf8+ Kxf8 26. Qf1+ Kg8 27. Rxd3 exd3
28. Qxd3 Qg5 29. h4 Qf5 30. Qd1 Nc6 31. Bb1 Qe6 32. Bc1 Rd8 33. Qh5 g6 34. Qxb5
Ne5 35. Qa5 Rb8 36. Ba2 Bc6 37. Qc7 Rc8 38. Qa7 Qd5 39. e4 Qd1+ 40. Kh2 Qxc1
41. Qd4 Qf4+ 42. Kg1 Qxe4 0-1

[Event "38th North Shore Open-A"]
[Site "North Shore"]
[Date "2012.09.23"]
[Round "4.6"]
[White "Timergazi, Layla"]
[Black "Dordevic, Ivan"]
[Result "0-1"]
[WhiteElo "1755"]
[BlackElo "2149"]
[PlyCount "42"]
[EventDate "2012.09.23"]
[EventType "swiss"]
[EventRounds "5"]
[EventCountry "NZL"]
[SourceDate "2012.09.22"]

1. d4 c5 2. Nf3 cxd4 3. Nxd4 Nc6 4. Nxc6 bxc6 5. c4 g6 6. Nc3 Bg7 7. Qc2 Nf6 8.
e4 O-O 9. Bd3 d5 10. exd5 cxd5 11. cxd5 Nxd5 12. Nxd5 Qxd5 13. Be4 Qe6 14. O-O
Ba6 15. Bxa8 Bxf1 16. Kxf1 Rxa8 17. Qe2 Qd6 18. f4 Rb8 19. Rb1 g5 20. g3 Qd5
21. Qg2 Qd3+ 0-1

[Event "38th North Shore Open-A"]
[Site "North Shore"]
[Date "2012.09.23"]
[Round "4.7"]
[White "Zhang, William Jiewen"]
[Black "Li, William Xiangwei"]
[Result "1/2-1/2"]
[WhiteElo "1864"]
[BlackElo "1901"]
[PlyCount "79"]
[EventDate "2012.09.23"]
[EventType "swiss"]
[EventRounds "5"]
[EventCountry "NZL"]
[SourceDate "2012.09.22"]

1. d4 d5 2. Nf3 Nf6 3. Bg5 e6 4. e3 h6 5. Bh4 Be7 6. Bd3 Nbd7 7. O-O O-O 8.
Nbd2 c5 9. c3 b6 10. Rc1 Bb7 11. a3 a5 12. Bb1 Re8 13. Ne5 Nxe5 14. dxe5 Nd7
15. Bxe7 Qxe7 16. Qc2 Nf8 17. Rfe1 Red8 18. e4 d4 19. Nc4 Qc7 20. f4 Ng6 21. g3
Ne7 22. Nd6 Nc8 23. cxd4 Nxd6 24. exd6 Qxd6 25. dxc5 Qd4+ 26. Qf2 Qxf2+ 27.
Kxf2 Rac8 28. b4 axb4 29. axb4 Rd4 30. cxb6 Rxc1 31. Rxc1 Rxb4 32. Rc7 Rxb6 33.
Bd3 Ba6 34. Bxa6 Rxa6 35. Rc2 Ra3 36. e5 Kh7 37. Rc7 Kg6 38. g4 Ra2+ 39. Kg3
Ra3+ 40. Kf2 1/2-1/2

[Event "38th North Shore Open-A"]
[Site "North Shore"]
[Date "2012.09.23"]
[Round "4.8"]
[White "Milligan, Helen"]
[Black "Ang, Alphaeus Wei Ern"]
[Result "1/2-1/2"]
[WhiteElo "2099"]
[BlackElo "1814"]
[PlyCount "52"]
[EventDate "2012.09.23"]
[EventType "swiss"]
[EventRounds "5"]
[EventCountry "NZL"]
[SourceDate "2012.09.22"]

1. e4 Nc6 2. Nf3 d5 3. exd5 Qxd5 4. Nc3 Qd6 5. d4 Bf5 6. Nb5 Qd7 7. Bf4 Rc8 8.
a3 a6 9. d5 axb5 10. Bxb5 Nf6 11. dxc6 bxc6 12. Qxd7+ Bxd7 13. Bd3 Nd5 14. Bd2
f6 15. c4 Nb6 16. O-O e5 17. a4 Be6 18. Be4 Nxc4 19. Bxc6+ Kf7 20. Bc3 Rb8 21.
Rab1 Bc5 22. b4 Na3 23. Rb2 Nc4 24. Rbb1 Na3 25. Rb2 Nc4 26. Rbb1 Na3 1/2-1/2

[Event "38th North Shore Open-A"]
[Site "North Shore"]
[Date "2012.09.23"]
[Round "4.9"]
[White "Johns, Daniel P"]
[Black "Duneas, John"]
[Result "1-0"]
[WhiteElo "1935"]
[BlackElo "2226"]
[PlyCount "113"]
[EventDate "2012.09.23"]
[EventType "swiss"]
[EventRounds "5"]
[EventCountry "NZL"]
[SourceDate "2012.09.22"]

1. e4 e6 2. d4 d5 3. Nd2 Nf6 4. e5 Nfd7 5. Bd3 c5 6. c3 Nc6 7. Ne2 Qb6 8. Nf3
cxd4 9. cxd4 f6 10. exf6 Nxf6 11. O-O Bd6 12. Re1 O-O 13. Nc3 Bd7 14. Na4 Qc7
15. Bd2 e5 16. Nxe5 Nxe5 17. dxe5 Bxe5 18. h3 Bc6 19. Nc3 Rae8 20. Re2 d4 21.
Nb5 Qb6 22. Qb3+ Kh8 23. Rae1 Bb8 24. Rxe8 Bxe8 25. Qb4 Rg8 26. Qxd4 Qxd4 27.
Nxd4 Bf7 28. Bb1 Rd8 29. Nf3 h6 30. Bc3 Nd5 31. Be5 Kg8 32. Bxb8 Rxb8 33. a3
Rc8 34. Ba2 Rc2 35. Rd1 Rc5 36. b4 Rb5 37. Bc4 a6 38. Bxb5 axb5 39. Nd4 Nc3 40.
Rc1 Nd5 41. Nxb5 Nf4 42. Kf1 Bg6 43. Rc8+ Kh7 44. Nd6 b5 45. Rc5 Ne6 46. Ke1
Bd3 47. g3 Kg6 48. Rd5 Bb1 49. Nxb5 Ng5 50. Nc3 Bc2 51. h4 Nf3+ 52. Ke2 Ng1+
53. Ke3 Bb3 54. b5 Kf6 55. b6 Bxd5 56. Nxd5+ Ke5 57. b7 1-0

[Event "38th North Shore Open-A"]
[Site "North Shore"]
[Date "2012.09.23"]
[Round "4.10"]
[White "Wright, Caleb"]
[Black "Hair, Philip I"]
[Result "1-0"]
[WhiteElo "1979"]
[BlackElo "1895"]
[PlyCount "101"]
[EventDate "2012.09.23"]
[EventType "swiss"]
[EventRounds "5"]
[EventCountry "NZL"]
[SourceDate "2012.09.22"]

1. d4 Nf6 2. c4 d6 3. Nc3 c6 4. e4 e5 5. Nge2 Be7 6. f3 O-O 7. Be3 Nbd7 8. Qd2
a6 9. a3 b5 10. Ng3 bxc4 11. Bxc4 d5 12. exd5 Nb6 13. Ba2 exd4 14. Bxd4 Nbxd5
15. O-O c5 16. Be5 Bb7 17. Rad1 Nxc3 18. Qxc3 Qc8 19. Rd2 Rd8 20. Rfd1 Rxd2 21.
Rxd2 Qe8 22. Nf5 Bc8 23. Qd3 Bxf5 24. Qxf5 Rd8 25. Qc2 Rxd2 26. Qxd2 Qd8 27.
Qxd8+ Bxd8 28. Bc4 a5 29. Bd6 Bb6 30. Kf2 Ne8 31. Be7 Nc7 32. Ke3 Ne6 33. Ke4
Nd4 34. Kd5 Nf5 35. Bxc5 Bc7 36. h3 Nh4 37. Bf1 f6 38. b4 axb4 39. axb4 Kf7 40.
b5 g5 41. b6 Bxb6 42. Bxb6 h5 43. Bf2 Ng6 44. Be3 Ne7+ 45. Ke4 f5+ 46. Ke5 Kg6
47. Ke6 Nc6 48. Bd3 Nd8+ 49. Ke7 Nc6+ 50. Kd6 Nd8 51. Bc4 1-0